| 000 | 00495nam a2200169 4500 | ||
|---|---|---|---|
| 001 | 127920 | ||
| 003 | ES-MaACL | ||
| 005 | 20251005063114.0 | ||
| 007 | t| | ||
| 008 | 070214s1925 sp r ||||1| spa d | ||
| 100 | 1 |
_aRío Sainz, José del, _d1884-1964 _991849 |
|
| 245 | 1 | 0 |
_aVersos del mar y otros poemas / _cJosé del Río Sainz. |
| 260 |
_aSantander : _b[s.n.], _c1925 ( _fImp. Provincial) |
||
| 300 |
_a311 p. ; _c20 cm. |
||
| 852 |
_aES-MaACL _jF-5830 |
||
| 999 |
_c127920 _d127920 |
||